In the gap: (Record no. 10152)

000 -LEADER
fixed length control field 00879nam a2200241 a 4500
001 - CONTROL NUMBER
control field :::00007937$&:&@@
003 - CONTROL NUMBER IDENTIFIER
control field OkBaRHE
005 - DATE AND TIME OF LATEST TRANSACTION
control field 20000607103340.0
008 - FIXED-LENGTH DATA ELEMENTS--GENERAL INFORMATION
fixed length control field s1979 j 000 0 eng u
020 ## - INTERNATIONAL STANDARD BOOK NUMBER
International Standard Book Number 0936258004
040 ## - CATALOGING SOURCE
Transcribing agency
100 1# - MAIN ENTRY--PERSONAL NAME
Personal name Bryant, David, 1945-
245 10 - TITLE STATEMENT
Title In the gap:
Remainder of title what it means to be a World Christian.
260 ## - PUBLICATION, DISTRIBUTION, ETC. (IMPRINT)
Place of publication, distribution, etc Madison, WI., :
Name of publisher, distributor, etc Inter-varsity Missions
Date of publication, distribution, etc c1979
300 ## - PHYSICAL DESCRIPTION
Extent 272 p. ;
Dimensions 22 cm.
490 0# - SERIES STATEMENT
Series statement World Christian handbook series
650 ## - SUBJECT ADDED ENTRY--TOPICAL TERM
Topical term or geographic name as entry element Christian Life
General subdivision 1960-
650 ## - SUBJECT ADDED ENTRY--TOPICAL TERM
Topical term or geographic name as entry element Missions
942 ## - ADDED ENTRY ELEMENTS (KOHA)
Source of classification or shelving scheme
Koha item type Books
Copies
Shelving location Koha item type Price effective from Full call number Permanent Location Date last seen Damaged status Withdrawn status Copy number Source of classification or shelving scheme Lost status Date acquired Not for loan Barcode
General StacksBooks2010-04-14BV 2063 .B74RHEMA Bible Training College2010-04-14  1  2010-04-14 7937
General StacksBooks2010-04-14BV 2063 .B74RHEMA Bible Training College2010-04-14  2  2010-04-14 16088
General StacksBooks2010-04-14BV 2063 .B74RHEMA Bible Training College2010-04-14  3  2010-04-14 16089